000 00740nam a2200217 4500
008 160429b xxu||||| |||| 00| 0 eng d
020 _a9716856729
082 _22007
_aDFil 370.773
_bL96f
245 _aField study:
_bexperiential learning courses/
_cMaria Rita D. Lucas [and 3 others].
260 _a[Quezon City]:
_bLorimar Publishing,
_cc2007.
300 _axiv, 201 pages:
_billustrations;
_c28 cm.
500 _aIncludes bibliographical references.
650 0 _96833
_aTeaching
650 0 _96836
_aTeachers
_xTraining
700 _96838
_aLucas, Maria Rita D.
700 _96839
_aDela Torre, Lourdes G.
700 _96840
_aOuano, Jerome A.
700 _96841
_aSalana, June P.
365 _b500.00
_cPhp
942 _2ddc
_cDFIL
999 _c2112
_d2112